|
|
|
|
| LEADER |
00000nam a22000007a 4500 |
| 005 |
20200720222433.0 |
| 007 |
cr|||| |||| |
| 008 |
200720s2015 br |||||s|||| 00||0 por d |
| 020 |
|
|
|a 978-85-8248-048-9
|
| 035 |
|
|
|a 31821
|
| 040 |
|
|
|a vLex
|
| 090 |
|
|
|c 10646
|d 10646
|
| 100 |
1 |
|
|a Santos, Ivanaldo
|
| 245 |
1 |
0 |
|a Direito e Educaȯ̂
|h [Recurso electrn̤ico] :
|b A Fraternidade em Aȯ̂ /
|c Ivanaldo Santos, Lafayette Pozzoli
|
| 256 |
|
|
|a Servicio en ln̕ea
|
| 260 |
|
|
|a San Pablo:
|b Letras Jurídicas Editora,
|c 2015
|
| 300 |
|
|
|a 1 recurso electrn̤ico
|
| 500 |
|
|
|a O livro: "Direito e Educaȯ̂: Fraternidade em Aȯ̂ - Uma abordagem interdisciplinar", e uma obra coletiva, fruto de pesquisas acadm̊icas realizadas no ḿbito da Ps̤-Graduaȯ̂ em diferentes r̀eas do conhecimento cientifico. Contempla artigos de autores iniciantes e de pesquisadores consolidados, que disponibilizam aos leitores reflexe̳s sobre temas que articulam queste̳s fundamentais da vida humana, na contemporaneidade.
|
| 506 |
1 |
|
|a Disponible solo en los productos indicados
|d vLex Global
|d vLex Global (Academic Edition, excluding Law Schools)
|d vLex Global (U.S. Academic Edition, Law Schools)
|d vLex Global (U.S. Academic Edition, excluding Law Schools)
|d vLex Global (Academic Edition, Law Schools)
|
| 650 |
0 |
4 |
|a Familia y Sucesiones
|z Brasil
|
| 700 |
1 |
|
|a Pozzoli, Lafayette
|
| 740 |
0 |
|
|a vLex Libros (Servicio en ln̕ea)
|
| 856 |
4 |
0 |
|u http://vlex.com/source/direito-e-educa-o-a-fraternidade-em-a-o-31821
|z Acceso restringido
|
| 942 |
|
|
|c BOOK
|
| 999 |
0 |
|
|a Family and Successions
|